UBT Library

War on poverty, (Record no. 42398)

000 -LEADER
fixed length control field 00494nam a22002051 4500
001 - CONTROL NUMBER
control field 3118042
005 - DATE AND TIME OF LATEST TRANSACTION
control field 20180213075650.0
008 - FIXED-LENGTH DATA ELEMENTS--GENERAL INFORMATION
fixed length control field 731207s1967 nyu 000 0 eng
010 ## - LIBRARY OF CONGRESS CONTROL NUMBER
LC control number 67030426
040 ## - CATALOGING SOURCE
Original cataloging agency DLC
Transcribing agency DLC
Modifying agency DLC
041 ## - LANGUAGE CODE
Language code of text/sound track or separate title eng
043 ## - GEOGRAPHIC AREA CODE
Geographic area code n-us---
080 ## - UNIVERSAL DECIMAL CLASSIFICATION NUMBER
Universal Decimal Classification number 338.973 LAN
082 00 - DEWEY DECIMAL CLASSIFICATION NUMBER
Classification number 338.973 LAN
100 1# - Rafti
Rafti 53
101 ## - Shkurtesa
Shkurtesa MEN
245 10 - TITLE STATEMENT
Title War on poverty,
Statement of responsibility, etc edited by Louise Lander.
906 ## - LOCAL DATA ELEMENT F, LDF (RLIN)
a 7
b cbc
c orignew
d u
e ocip
f 19
g y-gencatlg
942 ## - ADDED ENTRY ELEMENTS (KOHA)
Source of classification or shelving scheme
Item type Books
Holdings
Withdrawn status Lost status Source of classification or shelving scheme Damaged status Not for loan Collection code Permanent location Current location Shelving location Date acquired Total Checkouts Full call number Barcode Date last seen Price effective from Koha item type
          Koleksioni i përgjithshem UBT - Lipjan UBT - Lipjan Koleksioni i përgjithshem 02/13/2018   338.973 LAN 002-2998083 02/13/2018 02/13/2018 Books
UBT Library © 2015-2024. All rights reserved University Education for Business and Technology